All Super Smash Bros. Characters - Statistics

General Stats
  • This quiz has been taken 655 times
    521 since last reset
  • The average score is 59 of 77
Answer Stats
SSB % Correct
Mario
100%
Luigi
97%
Kirby
95%
Link
95%
Bowser
94%
Zero Suit Samus
93%
Peach
92%
Pikachu
92%
Samus
92%
Donkey Kong
91%
Fox
91%
Sheik
91%
Falco
90%
Roy
90%
Zelda
90%
Jigglypuff
89%
Ness
89%
Yoshi
89%
Captain Falcon
88%
Marth
88%
Diddy Kong
84%
Ganondorf
84%
Charizard
83%
Roy
83%
Lucas
82%
R.O.B.
82%
Mewtwo
81%
Wolf
81%
Ike
80%
Ivysaur
80%
Squirtle
80%
King Dedede
79%
Pichu
79%
Toon Link
79%
Wario
79%
Iggy
78%
Larry
78%
Lemmy
78%
Ludwig
78%
Meta Knight
78%
Morton
78%
Sonic
78%
Wendy
78%
Bowser Jr.
77%
Lucario
76%
Mr. Game & Watch
76%
Pit
75%
Young Link
75%
Bayonetta
74%
Snake
74%
Dr. Mario
73%
Ice Climbers
73%
Zero Suit Samus
73%
Alph
72%
Lucina
72%
Olimar
72%
Sheik
69%
Pokémon Trainer
68%
Robin
68%
Cloud
67%
Corrin
67%
Mega Man
67%
Ryu
67%
Dark Pit
66%
Pac-Man
66%
Greninja
65%
Rosalina & Luma
64%
Charizard
62%
Palutena
62%
Wii Fit Trainer
60%
Little Mac
57%
Mii Brawler
56%
Mii Gunner
56%
Mii Swordfighter
56%
Shulk
55%
Duck Hunt
54%
Villager
54%
No matching quizzes found
Score Distribution
Percent of People with Each Score
Percentile by Number Answered
Your Score History
You have not taken this quiz since the last reset